Toutes les communes de Vaucluse sur une carte - Statistiques

Statistiques générales
  • Ce quiz a été pris 2 815 fois
  • Le résultat moyen est 43 sur 151
Réponses sur la Carte
Les réponses sont colorées sur une échelle allant du rouge au vert en fonction du pourcentage des utilisateurs qui les ont devinées à leur premier essai. Vous pouvez retrouver ces pourcentages ci-dessous.
 
Statistiques - réponses
Population Nom % Correct
91 729 Avignon
98%
28 798 Carpentras
90%
28 922 Orange
90%
26 198 Cavaillon
81%
11 011 Apt
78%
19 706 L'Isle-sur-la-Sorgue
72%
18 802 Sorgues
69%
17 273 Le Pontet
67%
20 397 Pertuis
65%
9 426 Valréas
64%
13 509 Bollène
63%
3 328 Châteauneuf-de-Gadagne
57%
2 062 Châteauneuf-du-Pape
57%
5 953 Vaison-la-Romaine
57%
12 875 Monteux
55%
1 672 Gordes
54%
585 Fontaine-de-Vaucluse
52%
9 975 Pernes-les-Fontaines
51%
8 996 Le Thor
49%
11 131 Vedène
49%
3 096 Bédoin
48%
2 844 Saint-Saturnin-lès-Apt
48%
4 857 Saint-Saturnin-lès-Avignon
48%
2 834 Malaucène
46%
1 373 Sault
46%
5 244 Bédarrides
43%
6 127 Mazan
43%
8 563 Morières-lès-Avignon
43%
4 295 Cheval-Blanc
42%
8 534 Entraigues-sur-la-Sorgue
40%
5 723 Courthézon
39%
6 088 Sarrians
38%
4 899 Caumont-sur-Durance
37%
1 303 Roussillon
37%
2 398 Beaumes-de-Venise
36%
5 436 Jonquières
36%
5 719 Aubignan
35%
1 260 Bonnieux
34%
467 Gigondas
34%
2 420 Mornas
34%
2 967 Velleron
34%
5 324 Piolenc
33%
4 192 Cadenet
32%
1 043 Lourmarin
32%
3 754 Mondragon
32%
4 587 Robion
32%
2 548 Sainte-Cécile-les-Vignes
31%
1 274 Vacqueyras
31%
2 661 Caderousse
29%
410 Lacoste
29%
3 817 Lapalud
29%
2 551 Loriol-du-Comtat
29%
1 873 Mormoiron
29%
1 011 Venasque
29%
1 304 Oppède
28%
2 006 Saint-Didier
28%
1 697 Violès
28%
1 963 Visan
28%
2 860 Althen-des-Paluds
27%
3 370 Caromb
27%
517 Saint-Pierre-de-Vassols
27%
956 Cabrières-d'Aigues
26%
1 833 Cabrières-d'Avignon
26%
4 533 Camaret-sur-Aigues
26%
1 136 Beaumont-de-Pertuis
25%
288 Beaumont-du-Ventoux
25%
1 097 Goult
25%
1 528 Jonquerettes
25%
848 Séguret
25%
1 759 Cucuron
24%
1 827 Malemort-du-Comtat
24%
1 933 Maubec
24%
1 316 Sablet
24%
2 764 Sérignan-du-Comtat
24%
3 061 Gargas
23%
416 La Roque-sur-Pernes
23%
4 333 La Tour-d'Aigues
23%
3 867 Lauris
23%
638 Le Barroux
23%
1 000 Ménerbes
23%
414 Murs
23%
949 Saumane-de-Vaucluse
23%
2 147 Mérindol
22%
1 657 Uchaux
22%
1 078 Cairanne
21%
1 645 Lagnes
21%
824 Rasteau
21%
755 Saint-Martin-de-Castillon
21%
832 Saint-Martin-de-la-Brasque
21%
1 923 Taillades
21%
1 282 Villes-sur-Auzon
21%
77 Buoux
20%
119 Lafare
20%
34 Lagarde-d'Apt
20%
328 Lagarde-Paréol
20%
1 359 La Motte-d'Aigues
20%
396 Lamotte-du-Rhône
20%
675 Rustrel
20%
1 373 Saint-Christol
20%
115 Suzette
20%
1 742 Grillon
19%
439 Méthamis
19%
289 Monieux
19%
88 Brantes
18%
1 128 Entrechaux
18%
474 Flassan
18%
340 Joucas
18%
578 Richerenches
18%
414 Crestet
17%
472 Crillon-le-Brave
17%
3 416 Villelaure
17%
501 Blauvac
16%
172 Saint-Hippolyte-le-Graveyron
16%
33 Saint-Léger-du-Ventoux
16%
639 Viens
16%
1 035 Ansouis
15%
199 Aurel
15%
267 Beaumettes
15%
353 Le Beaucet
15%
1 324 Mirabeau
15%
785 Puget
15%
638 Roaix
15%
189 Saint-Pantaléon
15%
788 Saint-Romain-en-Viennois
15%
717 Travaillan
15%
855 La Bastidonne
14%
290 Lioux
14%
457 Modène
14%
674 Peypin-d'Aigues
14%
288 Buisson
13%
1 239 Grambois
13%
1 579 La Bastide-des-Jourdans
13%
587 Puyméras
13%
955 Saignon
13%
491 Villedieu
13%
164 Vitrolles-en-Lubéron
13%
125 Castellet-en-Luberon
12%
437 Faucon
12%
52 La Roque-Alric
12%
817 Puyvert
12%
320 Saint-Marcellin-lès-Vaison
12%
328 Saint-Roman-de-Malegarde
12%
493 Caseneuve
11%
119 Saint-Trinit
11%
70 Auribeau
10%
69 Gignac
10%
62 Savoillan
10%
778 Villars
10%
253 Sannes
9%
45 Sivergues
9%
563 Vaugines
9%
Aucun quiz correspondant
Distribution des résultats
% des personnes avec chaque résultat
Percentile par nombre de réponses
Votre historique - résultats
Vous n’avez pas pris ce quiz